banner-ar

ATLAS OF BONE SCINTIGRAPHY IN THE DEVELOPING PAEDIARIC SKELETON / (Record no. 16987)

MARC details
000 -الفاتح
حقل البيانات ثابتة الطول 00611nam a2200205Ia 4500
008 - عناصر البيانات ثابتة الطول - معلومات عامة
حقل البيانات ثابتة الطول 140319s9999 xx 000 0 eng d
040 ## - مصدر الفهرسة
وكالة الفهرسة الأصلية GCL /
وكالة النسخ GCL
082 04 - رقم تصنيف ديوى العشرى
رقم التصنيف 618.92710
رقم المادة H A
100 1# - المدخل الرئيسى - إسم شخصى
الإسم الشخصى HAHN, KLAUS
245 10 - بيان العنوان
العنوان ATLAS OF BONE SCINTIGRAPHY IN THE DEVELOPING PAEDIARIC SKELETON /
بيان المسئوليه,etc HAHN, KLAUS
700 1# - المدخل الاضافى - اسم شخصى
الإسم الشخصى FISCHER, SIBGIC
700 1# - المدخل الاضافى - اسم شخصى
الإسم الشخصى ISKY GORDON
260 ## - PUBLICATION, DISTRIBUTION, ETC. (IMPRINT)
تاريخ النشر أو التوزيع 1993
300 ## - الوصف المادى
التعداد 316
650 04 - المدخل الاضافى بالموضوع-مصطلح موضوعى
مصطلح موضوعي BONE DISEASE IN INFANCY & CHILLHOOD
650 04 - المدخل الاضافى بالموضوع-مصطلح موضوعى
مصطلح موضوعي BONE AND BONES - RADIO NUCLARE
650 04 - المدخل الاضافى بالموضوع-مصطلح موضوعى
مصطلح موضوعي BONE DICEASE- RADIO NUCLIDE IM
942 ## - عناصر المدخل الإضافي( كوها)
مصدر التصنيف او مخطط الترفيف Dewey Decimal Classification
Koha [default] item type كتاب
260 ## - PUBLICATION, DISTRIBUTION, ETC. (IMPRINT)
-- [S.N] :
-- SPRINGER - VERLAG ،
Holdings
حالة التراجع حالة الفقد حالة تلف ليس للاعارة المكان المؤقت الموقع الحالى تاريخ الاكتساب اجمالي اﻻعارات رقم الطلب الباركود تاريخ اخر مشاهدة تاريخ تفعيل السعر نوع وعاء كوها
        مكتبة القاهرة الكبرى مكتبة القاهرة الكبرى 03/26/2014   618.92710\H A 30680 03/26/2014 03/26/2014 كتاب

Powered By

EGPV